00605nam a2200193Ia 4500008004100000020001800041082001400059100002200073245003600095250000800131260003500139300002300174500001900197600002000216650002000236942000700256952013100263999001700394240925s9999 xx 000 0 und d a9788130922904 a338.9 JOH aJones, Charles I. 0aIntroduction to Economic Growth a2nd aNew Delhi:bViva Booksc,2018. a520p.b0fOriginal aIncludes Index aSocial Sciences aSocial Sciences cBK 001040708SSaUITUbUITUd2019-01-19eAllied Book Companyg821.60l0o338.9 JOHpQ13579r2024-09-25 07:16:54w2024-09-25yBK c16078d16078